000 02925nkm0a2200505 4500
001 RU\NLR\BIBL_A\022582203
005 20260121134512.0
035 _a(NLR Aleph) 022582203
071 5 0 _d1 р. 50 коп.
090 _a89012
_c89012
100 _a20250708d1944 u y0rusy50 ca
101 0 _arus
102 _aRU
116 _aiiycxx bf ad
135 _acrcn 024anaba
181 0 _ab4
_bxb2e
182 0 _an
200 1 _aОкопы для танков
_e[плакат]
_fхудожник лейтенант М. И. Моносзон
_gавтор подполковник Ю. В. Завадский
_gредактор майор П. К. Огарев
_gтехн. редактор А. Н. Раткер
203 _aИзображение
_bнеподвижное
_bдвухмерное
_bвизуальное
_cнепосредственное
210 _aМосква
_cВоенное издательство Народного коммисариата обороны
_d1944
_eМосква
_gЛитография № 2 МООМП
215 _a1 л. (8 изобр.)
_cхромолитогр.
_d57х86
300 _aВ вып. данных: Г 531688. Воениздат И-357; Подписано к печати 28/I 1944 г.; Заказ 99
325 _aКопия доступна в Электрон. б-ке РНБ
327 0 _aНа изобр. английские и американские танки
606 1 _aПлакат инструктивный
_2nlr_sh2
_3RU\NLR\AUTH\6601761657
606 1 _aВеликая Отечественная война
_z1941 - 1945
_jПлакаты
_2nlr_sh1
_2nlr_sh2
_3RU\NLR\AUTH\668893
606 1 _aБронетанковая техника иностранная
_xПоставки в СССР
_z1941 - 1945
_jПлакаты
_2nlr_sh2
_3RU\NLR\AUTH\661517465
686 _aЩ150.466
700 1 _aМоносзон
_bМ. И.
_f1907-1980
_gМонос Исаакович
_4040
702 1 _aЗавадский
_bЮ. В.
_4570
712 0 2 _aВоениздат
_cМосква
_3RU\NLR\AUTH\8810147525
_4650
712 0 2 _aМосковский областной отдел местной промышленности
_bЛитография
_c2
_3RU\NLR\AUTH\880626606
_4610
852 0 0 _aNLR
_bЭ
_jНпВо665/7-9
_mЭ040582
856 0 _uhttps://vivaldi.nlr.ru/la000070999/view
856 1 _uhttps://vivaldi.nlr.ru/la000070999/cover
856 2 _uhttps://vivaldi.nlr.ru/la000070999/text
901 _eИзографические материалы
942 _cVISUAL
945 _aРоссийская национальная библиотека
980 _aBV
980 _aNB
981 1 7 _a(17) Изографические материалы
_b(17) Плакаты